| 000 | 01197cam a22003497a 4500 | ||
|---|---|---|---|
| 003 | CHAP | ||
| 005 | 20220817044159.0 | ||
| 008 | 030827d2002 mx abd r 00110 spa d | ||
| 010 | _a94041 | ||
| 011 | _a95013 | ||
| 020 | _a9685552630 | ||
| 035 | _a105616 | ||
| 040 | _cCHAP | ||
| 082 | 0 | 4 |
_a325.2 _bI8 |
| 110 | 2 |
_aInstituto Nacional de las Mujeres. México _959381 |
|
| 245 | 1 | 0 |
_aMujeres migrantes y sus implicaciones desde la perspectiva de género _c/por Instituto Nacional de las Mujeres |
| 260 |
_aMéxico, D. F. : _bInstituto Nacional de las Mujeres, _c2005. |
||
| 300 |
_a124 p. : _bcuadros. |
||
| 590 |
_aBATCH-UPD _b10 _c20130110 _lUCH01 _h1014 |
||
| 590 |
_aBATCH-UPD _b10 _c20130410 _lUCH01 _h0621 |
||
| 590 |
_aBATCH-UPD _b10 _c20130914 _lUCH01 _h1152 |
||
| 590 |
_aCONVERSION _b10 _c20130109 _lUCH01 _h1352 |
||
| 650 | 1 | 4 | _aDesarrollo económico. |
| 650 | 1 | 4 |
_aEmigración e inmigración. _936517 |
| 650 | 1 | 4 |
_aEnfoque de género. _936945 |
| 650 | 1 | 4 |
_aMujer _xDiscriminación. _979320 |
| 650 | 1 | 4 |
_aMujer _xSituación social _zColima. _979337 |
| 901 | _aBK | ||
| 905 | _aElisama A. H. | ||
| 942 | _cLIBRO | ||
| 949 |
_a325.2 I8 _bBC _cLIBRO _d33724002040173 _eLIBRO _h108835 _i105616 _sb |
||
| 999 |
_c94041 _d94041 |
||